000 00344nam a2200133Ia 4500
008 240624s9999 xx 000 0 und d
041 _aeng
082 _a657 CHA
100 _aCHAKRABORTY HRISHIKESH
245 _aMANAGEMENT ACCOUNTANCY
260 _c2010
_aNew Delhi
_bOxford India
300 _axxii, : 1008 : p. : cm. ; 21
365 _cRS
_b31
999 _c23141
_d23141